| 000 | 00348nam a2200109Ia 4500 | ||
|---|---|---|---|
| 008 | 181011s9999 xx 000 0 und d | ||
| 100 | _aG.Gispert-Sauch | ||
| 245 | 0 | _aMuslims and Christian - A Teachers Seminar | |
| 500 | _aThe Bulletin of Christian Institute of Islamic Studies Oct 1968 | ||
| 650 | _aInterfaith Relations and Dialogue | ||
| 942 | _cBR | ||
| 999 |
_c21832 _d21832 |
||